| 000 | 00807nam a2200241 i 4500 | ||
|---|---|---|---|
| 001 | bg | ||
| 245 | 0 | 0 |
_aPolskie Ratownictwo Okrętowe 1951-2001 : _bzarys działalności / _cpod red. Jana Kazimierza Sawickiego. |
| 260 |
_aGdynia : _bWyższa Szkoła Morska, _c2001. |
||
| 300 |
_a419, [3] s. : _bil., mapa, err. ; _c24 cm. |
||
| 490 | 1 |
_aKsięgi Floty Ojczystej, _x1230-7092 ; _vt. 13 |
|
| 500 | _aNa s. red. błędny ISBN. | ||
| 504 | _aIndeksy. | ||
| 650 | 9 |
_aRatownictwo morskie _xhistoria _zPolska _yod 1944 r. |
|
| 700 | 1 |
_aSAWICKI, Jan Kazimierz. _eRed. |
|
| 830 |
_aKsięgi Floty Ojczystej, _x1230-7092 ; |
||
| 020 | _a8388583018 | ||
| 040 | _cBPK | ||
| 041 | 0 | _apl | |
| 080 | _a656.61.08(438)"1944/..." | ||
| 920 | _a83-88583-01-8 | ||
| 942 | _cKS | ||
| 008 | s pl f |000 0 pol | ||
| 999 |
_c40951 _d40951 |
||
| 856 |
_uhttp://koha.tu.koszalin.pl/cgi-bin/koha/opac-detail.pl?biblionumber=40951 _yKatalog online BPK |
||